Flagi państwowe z tylko dwoma kolorami - Statystyki

Ogólne statystyki
  • Ten quiz został rozwiązany 36 razy
  • Średni wynik to 19 z 38
Statystyki odpowiedzi
Państwa % Poprawnych
Polska
100%
Ukraina
90%
Indonezja
87%
Monako
83%
Finlandia
73%
Szwecja
73%
Chiny
70%
Dania
70%
Japonia
70%
Austria
60%
Grecja
60%
Tunezja
60%
Turcja
60%
Bangladesz
57%
Kanada
57%
Katar
57%
Bahrajn
50%
Izrael
50%
Kazachstan
50%
Łotwa
50%
Arabia Saudyjska
47%
Pakistan
47%
Afganistan
43%
Singapur
43%
Szwajcaria
43%
Wietnam
43%
Maroko
40%
Palau
40%
Gruzja
37%
Albania
33%
Nigeria
30%
Honduras
27%
Kirgistan
23%
Mikronezja
23%
Peru
23%
Somalia
23%
Macedonia Północna
20%
Tonga
13%
Nie znaleziono quizów pasujących do podanych kryteriów
Rozkład punktacji
Procent ludzi z każdym wynikiem
Percentyl według liczby udzielonych odpowiedzi
Twoja historia wyników
Nie rozwiązałeś tego quizu